00577nam a2200169Ia 4500008004100000020001500041041001200056082001100068100001600079245006800095260003900163300000800202650001600210942000700226999001500233952015900248221030s9999 xx 000 0 und d a8131501949 aEnglish a105.23 aE. O. Hwang 0adigital Logic & Microprocessor Design With VHDLcby E. O. Hwang bThomson LearningaSingaporec2007 a588 aBE Computer cBK c5475d5475 pBE 9158g350.00l0o105.23 r2024-06-13 00:00:00w2022-10-30yBK003Print4070aMIETLIBbMIETLIBcBL-Second, FL-1, CUP-154, SH-1, R-1d2008-02-2210HBE